Песни, исполненные Андреем Мироновым в разных фильмах - Армагеддон - Statistics

General Stats
  • This quiz has been taken 23 times
  • The average score is 5 of 10
Answers on the Grid
Answers color-coded by a green-red scale on the quiz's grid according to % correct below.
Если у вас нету тёти
Женюсь
Баллада о борьбе
Я пью за здоровье друзей
Билет на пароход
Песня про зайцев
Жестокое танго
Это не сон
Остров невезения
Дуэт Кота и Пирата
Солнце взойдёт
Проснись и пой
Синема
Белеет мой парус
Фильм, фильм, фильм
Журчат ручьи
Merci beaucoup
Песенка про трубачей
С чего начинается родина
Песенка о шпаге
 
Answer Stats
Answer % Correct
Остров невезения
93%
Женюсь
86%
Белеет мой парус
79%
Песенка о шпаге
71%
Синема
57%
Жестокое танго
43%
Дуэт Кота и Пирата
36%
Песенка про трубачей
36%
Я пью за здоровье друзей
29%
Билет на пароход
14%
No matching quizzes found
Score Distribution
Percent of People with Each Score
Percentile by Number Answered
Your Score History
You have not taken this quiz